LDR 01114nam a2200241 i 4500 001 000000065042 003 CaOOAMICUS 005 20260311121833.0 008 040224s1964 it u000 u ita u 013 $a36214 040 $aSeMil$bita 130 0 $aBibbia.$0(OLS)http://semarc/title/402691 245 13$aLa Sacra Bibbia /$ctradotta dai testi originali a cura dei professori di Sacra scrittura o.f.m. sotto la direzione del rev. p. Bonaventura Mariani delle Università pontificie di Propaganda fide e Lateranense. 260 $aMilano :$bGarzanti,$c1964. 300 $aLXVII, 2327 p., [8] carte di tav. :$bc. geogr. ;$c22 cm 650 4$aBibbia - Traduzioni italiane.$0(OLS)http://semarc/subject/333 700 1 $aMariani, Bonaventura,$c
.$0(OLS)http://semarc/name/10235 850 $aSeMil 852 $aSeMil$W1$xVenegono$y1$m2VA III 42$j268342$B31195$CSeMilBibl$Z2$F31198 $81 961 $aOmaggio: Tremolada don Pierantonio 996 $6245$aLa Sacra Bibbia$9(OLS)http://semarc/title/6535 996 $6260$aMilano :$bGarzanti$9(OLS)http://semarc/publisher/29852